International Carnival Celebrations - Statistics

General Stats
  • This quiz has been taken 5 times
  • The average score is 4 of 10
Answer Stats
Picture Answer % Correct
Rio de Janeiro - Brazil
100%
Nice - France
80%
Mazatlan - Mexico
60%
Venice - Italy
60%
Santa Cruz de Tenerife - Spain
40%
Notting Hill - United Kingdom
20%
Port of Spain - Trinidad and Tobago
20%
Basel - Switzerland
0%
Montevideo - Uruguay
0%
Quèbec City - Canada
0%
No matching quizzes found
Score Distribution
Percent of People with Each Score
Percentile by Number Answered
Your Score History
You have not taken this quiz